000 00513nam a2200181Ia 4500
005 20250326124708.0
008 250326s9999 xx 000 0 und d
037 _aTextbook
040 _aFMSL
_beng
_cFMSL
041 _aeng
_2eng
084 _aX:9A K7
_qFMSL
100 _aLindfors G V
_9737811
245 0 _aBibliography Intercollegiate
_cLindfors G V
260 _aBoston
_bBoston, Intercollage Case Clearing House
_c1967
300 _a784p
942 _cTB
_hX:9A K7
999 _c1274788
_d1274788